000
00331nam a2200133Ia 4500
008
220216s9999 xx 000 0 und d
100
_a
Ravindran D
245
0
_a
Import of natural rubber- Why?
260
_b
Rubber Asia
_c
2002
300
_a
81-82
650
_a
Globalised economy
650
_a
Natural rubber import
942
_c
JS
999
_c
60806
_d
60806